Horus und Seth als Gotterpaar /

محفوظ في:

المؤلف الرئيسي: Kees, Hermann, 1886- (مؤلف)

التنسيق: كتاب

اللغة: German

منشور في: Leipzig : J. C. Hinrichs, 1923.

سلاسل: Mitteilungen der Vorderasiatisch-Aegyptischen Gesellschaft ; [t. V.] 1923, 1.

الموضوعات:

الوسوم: إضافة وسم

لا توجد وسوم, كن أول من يضع وسما على هذه التسجيلة!

رقم الطلب: BL2450 .G6 K4x 1923

LEADER 00618namaa2200205 4500
001 6632
003 OSt
005 20251006081853.0
008 130303s1923 gw 000 0 ger d
040 |c ARCE Library 
050 4 |a BL2450 .G6 K4x 1923 
100 1 |a Kees, Hermann,  |d 1886-,  |e author 
245 1 0 |a Horus und Seth als Gotterpaar /  |c von Hermann Kees. 
264 1 |a Leipzig :   |b J. C. Hinrichs,   |c 1923. 
300 |a 2 volumes in 1 ;   |c 25 cm. 
490 0 |a Mitteilungen der Vorderasiatisch-Aegyptischen Gesellschaft ;   |v [t. V.] 1923, 1. 
650 0 |a Gods, Egyptian. 
901 |a reviewed 
942 |c BK  |2 lcc 
999 |c 8032  |d 8032